Research methodology logic, Methods and cases (Record no. 490574)
[ view plain ]
| 000 -LEADER | |
|---|---|
| fixed length control field | 00384nam a22001457a 4500 |
| 020 ## - INTERNATIONAL STANDARD BOOK NUMBER | |
| International Standard Book Number | 9780199453780 |
| 082 ## - DEWEY DECIMAL CLASSIFICATION NUMBER | |
| Classification number | 001.42 PHA |
| 100 ## - MAIN ENTRY--PERSONAL NAME | |
| Personal name | Phanse Sameer |
| 245 ## - TITLE STATEMENT | |
| Title | Research methodology logic, Methods and cases |
| 260 ## - PUBLICATION, DISTRIBUTION, ETC. | |
| Place of publication, distribution, etc. | New Delhi India |
| Name of publisher, distributor, etc. | Oxford university press |
| Date of publication, distribution, etc. | 2016 |
| 300 ## - PHYSICAL DESCRIPTION | |
| Extent | 727 |
| Other physical details | P.B |
| 650 ## - SUBJECT ADDED ENTRY--TOPICAL TERM | |
| Topical term or geographic name entry element | Research Methods |
| 700 ## - ADDED ENTRY--PERSONAL NAME | |
| Personal name | Sameer Phanse |
| 942 ## - ADDED ENTRY ELEMENTS (KOHA) | |
| Koha item type | Book |
| Withdrawn status | Lost status | Damaged status | Not for loan | Collection code | Permanent Location | Current Location | Shelving location | Date acquired | Source of acquisition | Cost, normal purchase price | Total Checkouts | Full call number | Barcode | Date last seen | Date last checked out | Price effective from | Koha item type |
|---|---|---|---|---|---|---|---|---|---|---|---|---|---|---|---|---|---|
| Computer Science | Central Library (CL) | Central Library (CL) | First Floor - Computer Science | 12/22/2016 | Allied book company | 940.00 | 2 | 001.42 PHA | SEECS013627 | 02/02/2024 | 11/16/2021 | 12/22/2016 | Book |
